Pour vous qui conduisez en Egypte /

محفوظ في:

المؤلف الرئيسي: Puech-Barrera, Charles (مؤلف)

مؤلف مشترك: Royal automobile club d'Egypte.

التنسيق: كتاب

اللغة: French

منشور في: Le Caire : [Royal automobile club d'Egypte], 1937.

الموضوعات:

الوسوم: إضافة وسم

لا توجد وسوم, كن أول من يضع وسما على هذه التسجيلة!

رقم الطلب: DT45 .P89 1937

LEADER 00845namaa2200241 4500
001 19199
003 OSt
005 20211218110222.0
008 130303s1937 ua g 000 0 fre d
952 |0 0  |1 0  |2 lcc  |4 0  |6 DT0045 P89 01937  |7 1  |9 23881  |a ARCE  |b ARCE  |d 2021-12-18  |l 0  |o DT45 .P89 1937  |p 1007130  |r 2021-12-18 00:00:00  |w 2021-12-18  |y BK 
999 |c 16967  |d 16967 
040 |c ARCE Library 
043 |a f-ua--- 
050 4 |a DT45 .P89 1937 
100 1 |a Puech-Barrera, Charles,  |e author 
245 1 0 |a Pour vous qui conduisez en Egypte /   |c Charles Puech-Barrera ; Royal automobile club d'Egypte. 
264 1 |a Le Caire :   |b [Royal automobile club d'Egypte],   |c 1937. 
300 |a 194 pages ;   |c 21 cm. 
650 0 |a Automobile drivers. 
650 0 |a Traffic regulations  |z Egypt. 
710 2 |a Royal automobile club d'Egypte. 
901 |a reviewed 
942 |c BK  |2 lcc